<?xml version="1.0" encoding="UTF-8"?>
<record
    xmlns:xsi="http://www.w3.org/2001/XMLSchema-instance"
    xsi:schemaLocation="http://www.loc.gov/MARC21/slim http://www.loc.gov/standards/marcxml/schema/MARC21slim.xsd"
    xmlns="http://www.loc.gov/MARC21/slim">

  <leader>02245    a2200241   4500</leader>
  <controlfield tag="001">11506</controlfield>
  <controlfield tag="003">IN-BhIIT</controlfield>
  <controlfield tag="005">20260617173710.0</controlfield>
  <controlfield tag="008">260617b        |||||||| |||| 00| 0 eng d</controlfield>
  <datafield tag="020" ind1=" " ind2=" ">
    <subfield code="a">9781439814673 (hbk.)</subfield>
  </datafield>
  <datafield tag="040" ind1=" " ind2=" ">
    <subfield code="a">IN-BhIIT</subfield>
  </datafield>
  <datafield tag="041" ind1=" " ind2=" ">
    <subfield code="a">eng</subfield>
  </datafield>
  <datafield tag="082" ind1=" " ind2=" ">
    <subfield code="a">621.381</subfield>
    <subfield code="b">SHA/H</subfield>
  </datafield>
  <datafield tag="100" ind1=" " ind2=" ">
    <subfield code="a">Shabany, Younes</subfield>
    <subfield code="e">Author</subfield>
    <subfield code="9">28010</subfield>
  </datafield>
  <datafield tag="245" ind1=" " ind2=" ">
    <subfield code="a">Heat transfer : </subfield>
    <subfield code="b">thermal management of electronics /</subfield>
    <subfield code="c">Younes Shabany</subfield>
  </datafield>
  <datafield tag="260" ind1=" " ind2=" ">
    <subfield code="a">New York :</subfield>
    <subfield code="b">CRC Press, </subfield>
    <subfield code="c">2010.</subfield>
  </datafield>
  <datafield tag="300" ind1=" " ind2=" ">
    <subfield code="a">xv, 491 p. :</subfield>
    <subfield code="b">ill. ;</subfield>
    <subfield code="c">22 cm. </subfield>
  </datafield>
  <datafield tag="504" ind1=" " ind2=" ">
    <subfield code="a">Includes bibliographical references and index.</subfield>
  </datafield>
  <datafield tag="520" ind1=" " ind2=" ">
    <subfield code="a">The continuing trend toward miniaturization and high power density electronics results in a growing interdependency between different fields of engineering. In particular, thermal management has become essential to the design and manufacturing of most electronic systems. Heat Transfer: Thermal Management of Electronics details how engineers can use intelligent thermal design to prevent heat-related failures, increase the life expectancy of the system, and reduce emitted noise, energy consumption, cost, and time to market. Appropriate thermal management can also create a significant market differentiation, compared to similar systems. Since there are more design flexibilities in the earlier stages of product design, it would be productive to keep the thermal design in mind as early as the concept and feasibility phase.

The author first provides the basic knowledge necessary to understand and solve simple electronic cooling problems. He then delves into more detail about heat transfer fundamentals to give the reader a deeper understanding of the physics of heat transfer. Next, he describes experimental and numerical techniques and tools that are used in a typical thermal design process. The book concludes with a chapter on some advanced cooling methods.

With its comprehensive coverage of thermal design, this book can help all engineers to develop the necessary expertise in thermal management of electronics and move a step closer to being a multidisciplinary engineer.</subfield>
  </datafield>
  <datafield tag="650" ind1=" " ind2=" ">
    <subfield code="a">Electronic control</subfield>
    <subfield code="x">Electronic apparatus and appliances</subfield>
    <subfield code="9">28023</subfield>
  </datafield>
  <datafield tag="650" ind1=" " ind2=" ">
    <subfield code="a">Electronics</subfield>
    <subfield code="x">Thermal properties.</subfield>
    <subfield code="9">28024</subfield>
  </datafield>
  <datafield tag="942" ind1=" " ind2=" ">
    <subfield code="c">TRB</subfield>
  </datafield>
  <datafield tag="999" ind1=" " ind2=" ">
    <subfield code="c">15554</subfield>
    <subfield code="d">15554</subfield>
  </datafield>
  <datafield tag="952" ind1=" " ind2=" ">
    <subfield code="0">0</subfield>
    <subfield code="1">0</subfield>
    <subfield code="2">ddc</subfield>
    <subfield code="4">0</subfield>
    <subfield code="7">0</subfield>
    <subfield code="8">SMS</subfield>
    <subfield code="a">CLIITBBS</subfield>
    <subfield code="b">CLIITBBS</subfield>
    <subfield code="d">2026-06-12</subfield>
    <subfield code="e">26</subfield>
    <subfield code="g">13223.66</subfield>
    <subfield code="l">0</subfield>
    <subfield code="o">621.381 SHA/H</subfield>
    <subfield code="p">11506</subfield>
    <subfield code="r">2026-06-12 00:00:00</subfield>
    <subfield code="v">18114.60</subfield>
    <subfield code="w">2026-06-12</subfield>
    <subfield code="y">TRB</subfield>
  </datafield>
</record>
